000 00558nam a2200181Ia 4500
003 STCL
008 181203s9999 xx 000 0 und d
020 _a9788126419906
040 _aSTCL
_bEN
_cSTCL
082 _222
100 _aSree Raman, V.K.
245 0 _aവേറിട്ട കാഴ്ചകൾ: ഒന്നും രണ്ടും ഭാഗങ്ങൾ ഒരുമിച്ച്
246 _aVeritta Kazhchakal: Part 1 and 2 Compiled
260 _bD C Books
_aKottayam
_c2015
300 _a333
546 _aMalayalam
942 _2ddc
_cBK
999 _c85195
_d85195